000 00584nam a2200205Ia 4500
003 GCL
008 140319s9999 xx 000 0 ara d
040 _aGCL /
_cGCL
082 0 4 _a613.025
_bع ع
100 1 _aعبدالفتاح التباع
245 1 0 _aعش رشيقآ تعمر طويلا, ط2 /
_cعبدالفتاح التباع
260 _a[S.N] :
_bدار الجيل ،
_c1994
300 _a208 ص
490 _a
650 0 4 _aالتغذية
650 0 4 _aالصحة
650 0 4 _aالرجيم
650 0 4 _aالرجيم منخفض السعرات
942 _2ddc
_cBK
999 _c54816
_d54816